|
|
|
|
| LEADER |
00000caa a22000002c 4500 |
| 001 |
1912729180 |
| 003 |
DE-627 |
| 005 |
20250121055028.0 |
| 007 |
cr uuu---uuuuu |
| 008 |
241217s2013 xx |||||o 00| ||eng c |
| 024 |
7 |
|
|a 10.1016/j.jsr.2013.04.003
|2 doi
|
| 035 |
|
|
|a (DE-627)1912729180
|
| 035 |
|
|
|a (DE-599)KXP1912729180
|
| 040 |
|
|
|a DE-627
|b ger
|c DE-627
|e rda
|
| 041 |
|
|
|a eng
|
| 084 |
|
|
|a 2,1
|2 ssgn
|
| 100 |
1 |
|
|a Shults, R.A.
|e VerfasserIn
|4 aut
|
| 245 |
1 |
0 |
|a Trends in driver licensing status and driving among high school seniors in the United States, 1996-2010
|
| 264 |
|
1 |
|c 2013
|
| 336 |
|
|
|a Text
|b txt
|2 rdacontent
|
| 337 |
|
|
|a Computermedien
|b c
|2 rdamedia
|
| 338 |
|
|
|a Online-Ressource
|b cr
|2 rdacarrier
|
| 773 |
0 |
8 |
|i Enthalten in
|t Journal of safety research
|d Amsterdam [u.a.] : Elsevier Science, 1982
|g (2013), Seite 167-170
|h Online-Ressource
|w (DE-627)320527220
|w (DE-600)2015321-1
|w (DE-576)259484849
|x 1879-1247
|7 nnas
|
| 773 |
1 |
8 |
|g year:2013
|g pages:167-170
|
| 787 |
0 |
8 |
|i Forschungsdaten
|a Johnston, Lloyd D.
|t Monitoring the Future: A Continuing Study of American Youth (12th-Grade Survey), 2010
|d [Erscheinungsort nicht ermittelbar] : [Verlag nicht ermittelbar], 2011
|w (DE-627)1840049979
|
| 787 |
0 |
8 |
|i Forschungsdaten
|a Johnston, Lloyd D.
|t Monitoring the Future: A Continuing Study of American Youth (12th-Grade Survey), 2009
|d [Erscheinungsort nicht ermittelbar] : [Verlag nicht ermittelbar], 2010
|w (DE-627)1840053321
|
| 787 |
0 |
8 |
|i Forschungsdaten
|a Johnston, Lloyd D.
|t Monitoring the Future: A Continuing Study of American Youth (12th-Grade Survey), 2008
|d [Erscheinungsort nicht ermittelbar] : [Verlag nicht ermittelbar], 2009
|w (DE-627)1840054123
|
| 787 |
0 |
8 |
|i Forschungsdaten
|a Johnston, Lloyd D.
|t Monitoring the Future: A Continuing Study of American Youth (12th-Grade Survey), 2007
|d [Erscheinungsort nicht ermittelbar] : [Verlag nicht ermittelbar], 2008
|w (DE-627)1840055839
|
| 787 |
0 |
8 |
|i Forschungsdaten
|a Johnston, Lloyd D.
|t Monitoring the Future: A Continuing Study of American Youth (12th-Grade Survey), 2006
|d [Erscheinungsort nicht ermittelbar] : [Verlag nicht ermittelbar], 2007
|w (DE-627)1840056002
|
| 787 |
0 |
8 |
|i Forschungsdaten
|a Johnston, Lloyd D.
|t Monitoring the Future: A Continuing Study of American Youth (12th-Grade Survey), 2005
|d [Erscheinungsort nicht ermittelbar] : [Verlag nicht ermittelbar], 2006
|w (DE-627)1840057114
|
| 787 |
0 |
8 |
|i Forschungsdaten
|a Johnston, Lloyd D.
|t Monitoring the Future: A Continuing Study of American Youth (12th-Grade Survey), 2004
|d [Erscheinungsort nicht ermittelbar] : [Verlag nicht ermittelbar], 2005
|w (DE-627)1840063408
|
| 787 |
0 |
8 |
|i Forschungsdaten
|a Johnston, Lloyd D.
|t Monitoring the Future: A Continuing Study of American Youth (12th-Grade Survey), 2003
|d [Erscheinungsort nicht ermittelbar] : [Verlag nicht ermittelbar], 2004
|w (DE-627)1840058943
|
| 787 |
0 |
8 |
|i Forschungsdaten
|a Johnston, Lloyd D.
|t Monitoring the Future: A Continuing Study of American Youth (12th-Grade Survey), 2002
|d [Erscheinungsort nicht ermittelbar] : [Verlag nicht ermittelbar], 2003
|w (DE-627)184005896X
|
| 787 |
0 |
8 |
|i Forschungsdaten
|a Johnston, Lloyd D.
|t Monitoring the Future: A Continuing Study of American Youth (12th-Grade Survey), 2001
|d [Erscheinungsort nicht ermittelbar] : [Verlag nicht ermittelbar], 2002
|w (DE-627)1840058919
|
| 787 |
0 |
8 |
|i Forschungsdaten
|a Johnston, Lloyd D.
|t Monitoring the Future: A Continuing Study of American Youth (12th-Grade Survey), 2000
|d [Erscheinungsort nicht ermittelbar] : [Verlag nicht ermittelbar], 2000
|w (DE-627)1840058951
|
| 787 |
0 |
8 |
|i Forschungsdaten
|a Johnston, Lloyd D.
|t Monitoring the Future: A Continuing Study of American Youth (12th-Grade Survey), 1999
|d [Erscheinungsort nicht ermittelbar] : [Verlag nicht ermittelbar], 2000
|w (DE-627)1840057017
|
| 787 |
0 |
8 |
|i Forschungsdaten
|a Bachman, Jerald G.
|t Monitoring the Future: A Continuing Study of American Youth (12th-Grade Survey), 1998
|d [Erscheinungsort nicht ermittelbar] : [Verlag nicht ermittelbar], 2000
|w (DE-627)1840058927
|
| 787 |
0 |
8 |
|i Forschungsdaten
|a Johnston, Lloyd D.
|t Monitoring the Future: A Continuing Study of American Youth (12th-Grade Survey), 1997
|d [Erscheinungsort nicht ermittelbar] : [Verlag nicht ermittelbar], 1998
|w (DE-627)1840058935
|
| 787 |
0 |
8 |
|i Forschungsdaten
|a Bachman, Jerald G.
|t Monitoring the Future: A Continuing Study of American Youth (12th-Grade Survey), 1996
|d [Erscheinungsort nicht ermittelbar] : [Verlag nicht ermittelbar], 1998
|w (DE-627)1840065206
|
| 856 |
4 |
0 |
|u https://doi.org/10.1016/j.jsr.2013.04.003
|x Resolving-System
|z kostenfrei
|3 Volltext
|7 0
|
| 935 |
|
|
|a mkri
|
| 951 |
|
|
|a AR
|
| ELC |
|
|
|a 1
|
| LOK |
|
|
|0 000 xxxxxcx a22 zn 4500
|
| LOK |
|
|
|0 001 4637694744
|
| LOK |
|
|
|0 003 DE-627
|
| LOK |
|
|
|0 004 1912729180
|
| LOK |
|
|
|0 005 20241217045058
|
| LOK |
|
|
|0 008 241217||||||||||||||||ger|||||||
|
| LOK |
|
|
|0 035
|a (DE-2619)ICPSR111290
|
| LOK |
|
|
|0 040
|a DE-2619
|c DE-627
|d DE-2619
|
| LOK |
|
|
|0 092
|o n
|
| LOK |
|
|
|0 852
|a DE-2619
|
| LOK |
|
|
|0 852 1
|9 00
|
| LOK |
|
|
|0 935
|a nacp
|
| LOK |
|
|
|0 939
|a 17-12-24
|b l01
|
| OAS |
|
|
|a 1
|
| ORI |
|
|
|a SA-MARC-krimdoka001.raw
|